00783nam a2200193 a 4500008004100000050001700041100002000058245010300078260003900181300000900220350000900229490004600238700002200284700002100306710001500327995010300342999001700445952012700462080923s2007 ||||||||||||||||| || u aIBRD(08)PRWP aBarron, Patrick10aLocal conflict and development projects in Indonesia: part of the problem or part of the solution? aWashington, D.C.bWorld Bankc2007 a37p. a0.00 aWorld Bank policy research working papers aWoolcock, Michael aDiprose, Rachael aWorld Bank D0.00FCBU-MAIN LIBRARY (Kitwe)H1I0.00M4212UAVAILABLEWSep 23, 2008ZInternational Publications c49427d49427 00102lcc4070a001b001cInternational Publicationsd2022-11-30l0oIBRD(08)PRWPpZ03002855r2022-11-30w2022-11-30y002